|
|
|
|
| LEADER |
00000nab a2200000 a 4500 |
| 001 |
vtls010353680 |
| 003 |
SK-MaSNL |
| 005 |
20260304032506.0 |
| 008 |
120424c2002 xo r m 000 00slo |
| 015 |
|
|
|a SNBRA2012/05SVKPO
|
| 038 |
|
|
|a SVKPO
|
| 040 |
|
|
|a SVKPOCL
|b slo
|c SVKPOCL
|e AACR2
|
| 041 |
0 |
|
|a slo
|b eng
|
| 044 |
|
|
|a xo
|c SK
|
| 080 |
|
|
|a 316.728-021.465
|2 2001
|
| 080 |
|
|
|a 304.3
|2 2001
|
| 080 |
|
|
|a 502/504
|2 2001
|
| 080 |
|
|
|a 574
|2 2001
|
| 100 |
1 |
|
|a Halečka, Tibor,
|d 1931-2004
|4 aut
|9 125150
|
| 245 |
1 |
0 |
|a Kvalita života a jej ekologicko-environmentálny rozmer
|c Tibor Halečka
|
| 504 |
|
|
|a Bibliogr. odkazy
|
| 546 |
|
|
|a Abstr. a res. slov., angl.
|
| 650 |
0 |
7 |
|a kvalita života
|2 svkpocl
|9 1705
|
| 650 |
0 |
7 |
|a spôsob života
|2 svkpocl
|9 273332
|
| 650 |
0 |
7 |
|a životný štýl
|2 svkpocl
|9 1704
|
| 650 |
0 |
7 |
|a ekologicko-environmentálny rozmer
|2 svkpocl
|9 1313281
|
| 650 |
0 |
7 |
|a životná úroveň
|2 svkpocl
|9 2211
|
| 773 |
0 |
|
|t Kvalita života a ľudské práva v kontextoch sociálnej práce a vzdelávania dospelých : zborník príspevkov z vedeckej konferencie s medzinárodnou účasťou, 2. a 3. apríla 2001 v Prešove / [vedeckí garanti konferencie: Jozef Kredátus, Anna Tokárová] /d Prešov : Filozofická fakulta Prešovskej univerzity, 2002
|g S. 65-81
|z 8080680884
|
| 852 |
|
|
|a SVKPO
|b KIS3GCP
|
| 958 |
|
|
|a SK
|
| 958 |
|
|
|a NB
|
| 999 |
|
|
|c 2643421
|d 2645351
|